000 00880nam a2200265Ia 4500
003 OSt
005 20220927114758.0
006 a|||||r|||| 00| 0
007 ta
008 220926b |||||||| |||| 00| 0 eng d
024 _a59328
037 _cThesis and Dissertations
040 _aRTL
_cRTL
_beng
041 _2eng
_aeng
082 _a"X62:2.2.N77<---N50, M1"
100 _aDeep Shikha
_9389323
110 _aUniversity of Delhi. Economics (Deptt of-)
_9389324
245 0 _a"Time deposits of banks in India,1950-51 to 1976-77"
260 _aDelhi
_bUniversity of Delhi India
_c1981
300 _a"143p. Bib p140-43,Appendix p106-39"
_ccm.
650 _aBank
700 _aUniversity of Delhi. Economics (Deptt of-)
_9389325
942 _h"X62:2.2.N77<---N50, M1"
_cCC
999 _c705102
_d705102